00000000nas 2200000zi 4500
0019.954168
003CaOODSP
00520250820082841
006m     o  d f      
007cr cn ||||||||
008250818c20229999oncar p o    f0### 0fre|d
040 |aCaOODSP|bfre|erda|cCaOODSP
043 |an-cn---
0861 |aCR1-28F-PDF
1101 |aCanada. |bComité de coordination de la recherche, |eauteur, |eorganisme de publication.
24510|aRésumé des progrès annuels / |cComité de coordination de la recherche au Canada.
264 1|a[Ottawa] : |bGouvernement du Canada = Government of Canada, |c[2022]-
310 |aAnnuel
336 |atexte|btxt|2rdacontent/fre
337 |ainformatique|bc|2rdamedia/fre
338 |aressource en ligne|bcr|2rdacarrier/fre
3621 |aParaît depuis : [2021/2022].
500 |aPublié aussi en anglais sous le titre : Annual progress summary.
500 |aChaque livraison comporte un titre distinct.
588 |aDescription d'après : [2021/2022]; titre de départ du fichier PDF.
588 |aDernière livraison consultée : [2022/2023].
650 6|aRecherche|zCanada|xFinances|vPériodiques.
650 6|aCoordination interinstitutionnelle|zCanada|vPériodiques.
655 7|aPériodiques|2rvmgf
77508|tAnnual progress summary / |w(CaOODSP)9.954169